Responses for Show #5840 - Friday, January 22, 2010

Contestants

[<< previous game]

Darryl Konter, a public relations executive from Dunwoody, Georgia

Gila Stadler, a molecular epidemiologist from New York, New York

Ted Ahern, a health care application consultant from Lafayette Hill, Pennsylvania (whose 1-day cash winnings total $15,801)

[next game >>]

Jeopardy! Round responses

WYATT EARP
CLASSIC SITCOM EPISODES
(Alex: You have to ID the sitcom.)
"RACE" TO THE ANSWER
BIOGRAPHIES
SIGNS & SYMBOLS
POP QUIZ
    $200 26
Dodge City

Darryl
    $200 1
I Love Lucy

Gila
    $200 16
a bracelet

Ted
    $200 14
Fitzgerald

Darryl
    $200 11
an owl

Ted
    $200 6
Coca-Cola

Gila
    $400 27
Doc Holliday

Darryl
    $400 2
Bewitched

Ted
    $400 17
to embrace

Ted
    $400 15
(Miles) Davis

Ted
    $400 12
a ram

Darryl
    $400 7
A&W

Gila
    $600 28
(Alex: [Introducing the clue] Here's a little bit of the American Experience show on Wyatt Earp, which premieres this Monday.)

Wells Fargo

Darryl
    $600 3
Happy Days

Ted
    $600 18
a tracer

Ted
    $600 23
John Marshall

Darryl
    $1,000 13
Mars

Darryl
    $600 8
Mountain Dew

Darryl
    $800 29
the Clantons

Darryl
    $800 4
Hogan's Heroes

Darryl
    $800 19
"Amazing Grace"

Ted
    $800 24
Princess Diana

Darryl
    $800 21
a lily

Gila
    $800 9
Dr Pepper

Ted
    $1000 30
the Black Hills

Darryl
    $1000 5
The Beverly Hillbillies

Ted
    $1000 20
(Gila: What is Thrace?)

Samothrace

Gila
Triple Stumper
    $1000 25
Gregor Mendel

Darryl
    $1000 22
scallops

Triple Stumper
    $1000 10
Canada Dry

Ted

Scores at the first commercial break (after clue 15):

Ted Gila Darryl
$4,400 $800 $3,000

Scores at the end of the Jeopardy! Round:

Ted Gila Darryl
$6,400 $600 $8,400

Double Jeopardy! Round responses

THE WORLD ALMANAC AND BOOK OF FACTS
MELON-CHOLY
THE SCIENCE BUG
IT'S GEOGRAPHIC
OVERLAPPING WORDS
(Alex: ...that's a new one for us, and I'll give you an example. If the clue said, "Stormy-sounding skin doctor", you would say, "What is a thundermatologist?")
POP QUIZ
    $400 3
(Alex: Yes, solar [*].)

an eclipse

Ted
    $400 9
watermelon

Darryl
    $400 1
bees

Gila
    $400 13
the Danube

Ted
    $400 26
a hippopotamusketeer

Ted
    $400 19
No Doubt

Ted
    $800 4
the Beer Summit

Darryl
    $800 12
a cantaloupe

Darryl
    $800 2
a wind tunnel

Darryl
    $800 14
Mexicali

Triple Stumper
    $800 27
a heliumbrella

Ted
    $800 20
Green Day

Ted
    $1200 5
an acre

Gila
    $1200 18
honeydew

Ted
    $1200 6
eyes

Gila
    $1200 15
Panama

Ted
    $1200 28
[The end-of-round signal sounds.]

Kissingeronimo

Ted
    $1200 21
Keith Urban

Darryl
    $1600 10
(Gila: What is Alaska?)

Texas

GilaDarryl
    $2,000 22
(Darryl: Don't have it.)

a casaba

Darryl
    $1600 7
a tundra

Gila
    $1600 16
the Great Slave Lake

Gila
    $1600 24
Eminem

Triple Stumper
    $2000 11
aquaculture

Triple Stumper
    $2000 23
(Alex: It's called [*]. And we have less than a minute to deal with the remaining clues, Darryl.)

a canary melon

Triple Stumper
    $3,000 8
(Gila: What is commensalism?)

altruism

Gila
    $2000 17
(Darryl: What is Monaco?)

San Marino

Darryl
Triple Stumper
    $2000 25
Lady Gaga

Darryl

Scores at the end of the Double Jeopardy! Round:

Ted Gila Darryl
$13,200 $2,000 $12,000

[wagering suggestions for these scores]

Final Jeopardy! Round responses

THE CABINET
GilaWhat is the Postmaster General
$1,000
DarrylWhat was the Secretary of Health, Education & Welfare?
$11,999
TedWhat is the commander of the Navy?
$10,801
the Postmaster General

Final scores:

Ted Gila Darryl
$2,399 $3,000 $1
2nd place: $2,000 New champion: $3,000 3rd place: $1,000

Game dynamics:

Coryat scores:

Ted Gila Darryl
$13,200 $5,000 $13,600
20 R,
0 W
9 R,
3 W
(including 1 DD)
20 R
(including 1 DD),
2 W
(including 1 DD)

Combined Coryat: $31,800

[game clues] [game scores] [suggest correction]

Game tape date: 2009-12-01
The J! Archive is created by fans, for fans. Scraping, republication, monetization, and malicious use prohibited; this site may use cookies and collect identifying information. See terms. The Jeopardy! game show and all elements thereof, including but not limited to copyright and trademark thereto, are the property of Jeopardy Productions, Inc. and are protected under law. This website is not affiliated with, sponsored by, or operated by Jeopardy Productions, Inc. Join the discussion at JBoard.tv.